Top 10 Cities In The USA By Population - Statistics

General Stats
  • This quiz has been taken 43 times
    24 since last reset
  • The average score is 7 of 10
Answer Stats
Population Answer % Correct
3,972,000 Los Angeles
100%
8,175,000 New York City
94%
2,296,000 Houston
83%
1,300,000 Dallas
78%
1,395,000 San Diego
78%
2,721,000 Chicago
72%
1,567,000 Philadelphia
67%
1,563,000 Phoenix
61%
1,470,000 San Antonio
56%
1,027,000 San Jose
50%
No matching quizzes found
Score Distribution
Percent of People with Each Score
Percentile by Number Answered
Your Score History
You have not taken this quiz since the last reset